Normal view
MARC view
- Dr. Sadhu Singh
Entry Personal Name
001 - CONTROL NUMBER
- control field: 103336
003 - CONTROL NUMBER IDENTIFIER
- control field: NUST
005 - DATE AND TIME OF LATEST TRANSACTION
- control field: 20221122124213.0
008 - FIXED-LENGTH DATA ELEMENTS
- fixed length control field: 221122|| aca||aabn | a|a d
040 ## - CATALOGING SOURCE
- Original cataloging agency: NUST
- Transcribing agency: NUST
100 ## - HEADING--PERSONAL NAME
- Personal name: Dr. Sadhu Singh
670 ## - SOURCE DATA FOUND
- Source citation: Work cat.: (NUST)189462: Dr. Sadhu Singh, Principles of Machanical Engineering /, 2000
